MyGZULibrary

Vis-à-vis : (Record no. 4598)

MARC details
000 -LEADER
fixed length control field 01352cam a2200313 a 4500
001 - CONTROL NUMBER
control field 14660802
003 - CONTROL NUMBER IDENTIFIER
control field GZU
005 - DATE AND TIME OF LATEST TRANSACTION
control field 20210317082022.0
008 - FIXED-LENGTH DATA ELEMENTS--GENERAL INFORMATION
fixed length control field 061208s2008 mauab 001 0 eng
010 ## - LIBRARY OF CONGRESS CONTROL NUMBER
LC control number 2006939976
020 ## - INTERNATIONAL STANDARD BOOK NUMBER
International Standard Book Number 9780073535425
040 ## - CATALOGING SOURCE
Original cataloging agency DLC
Transcribing agency DLC
Modifying agency DLC
050 00 - LIBRARY OF CONGRESS CALL NUMBER
Classification number PC2129
Item number .AMO 2006
100 1# - MAIN ENTRY--PERSONAL NAME
Personal name Amon, Evelyne.
245 10 - TITLE STATEMENT
Title Vis-à-vis :
Remainder of title beginning French /
Statement of responsibility, etc. Evelyne Amon, Judith A Muyskens, Alice C. Omaggio Hadley ; with contributions by Myriam Alami ... [et al.].
250 ## - EDITION STATEMENT
Edition statement 4th ed.
260 ## - PUBLICATION, DISTRIBUTION, ETC.
Place of publication, distribution, etc. Boston, Mass. :
Name of publisher, distributor, etc. McGraw-Hill,
Date of publication, distribution, etc. c2008.
300 ## - PHYSICAL DESCRIPTION
Extent xxiv, 469, 41, 54, 18 p. :
Other physical details ill. (some col.), col. maps ;
Dimensions 28 cm.
500 ## - GENERAL NOTE
General note Includes indexes.
650 #0 - SUBJECT ADDED ENTRY--TOPICAL TERM
Topical term or geographic name entry element French language
Form subdivision Textbooks for foreign speakers
General subdivision English.
700 1# - ADDED ENTRY--PERSONAL NAME
Personal name Muyskens, Judith A.
700 1# - ADDED ENTRY--PERSONAL NAME
Personal name Hadley, Alice Omaggio,
Dates associated with a name 1947-
856 42 - ELECTRONIC LOCATION AND ACCESS
Materials specified Publisher description
Uniform Resource Identifier <a href="http://www.loc.gov/catdir/enhancements/fy0704/2006939976-d.html">http://www.loc.gov/catdir/enhancements/fy0704/2006939976-d.html</a>
856 41 - ELECTRONIC LOCATION AND ACCESS
Materials specified Table of contents only
Uniform Resource Identifier <a href="http://www.loc.gov/catdir/enhancements/fy0708/2006939976-t.html">http://www.loc.gov/catdir/enhancements/fy0708/2006939976-t.html</a>
856 42 - ELECTRONIC LOCATION AND ACCESS
Materials specified Contributor biographical information
Uniform Resource Identifier <a href="http://www.loc.gov/catdir/enhancements/fy0737/2006939976-b.html">http://www.loc.gov/catdir/enhancements/fy0737/2006939976-b.html</a>
906 ## - LOCAL DATA ELEMENT F, LDF (RLIN)
a 7
b cbc
c orignew
d 2
e epcn
f 20
g y-gencatlg
942 ## - ADDED ENTRY ELEMENTS (KOHA)
Source of classification or shelving scheme Library of Congress Classification
Koha item type Books
Classification part 2129
Item part AMO
Call number prefix PC
Holdings
Withdrawn status Lost status Damaged status Not for loan Collection code Home library Current library Shelving location Date acquired Total Checkouts Full call number Barcode Date last seen Copy number Price effective from Koha item type
        Non-fiction City Campus Library City Campus Library General Stacks 03/17/2021   PC2129AMO2006 002397 03/17/2021 c.1 03/17/2021 Books
        Non-fiction City Campus Library City Campus Library General Stacks 03/17/2021   PC2129AMO2006 012167 03/17/2021 c.2 03/17/2021 Books